| 000 | 00475nam a22001697a 4500 | ||
|---|---|---|---|
| 003 | OSt | ||
| 005 | 20151104100601.0 | ||
| 008 | 130524s2002 sp ||||| |||| 00| 0 spa d | ||
| 040 | _cCDMR | ||
| 100 | 1 |
_93521 _aGallo, Bruno G. |
|
| 245 | 1 | 0 |
_aPeriodistas digitales _cBruno G. Gallo |
| 260 |
_aZaragoza _bAsociación de la Prensa de Aragón _c2002 |
||
| 300 | _a115 p. | ||
| 650 | 0 | 4 |
_93075 _aPeriodistes _vIntervius |
| 650 | 0 | 4 |
_93076 _aPeriodisme digital _zEspanya |
| 942 |
_2udc _cMON |
||
| 999 |
_c6320 _d6320 |
||